Denarius numizmatický časopis

Bibliographic Details
Other Authors: Budaj, Marek, 1975- (Compiler), Hunka, Ján, 1958-2021 (Compiler), Gál, Július (Compiler), Stoklas, Boris (Compiler)
Format: Serial
Language:Slovak
English
Czech
Hungarian
PhysicalDescription:zv. ilustr. 21-24 cm
Published: Bratislava Július Gál 2011-
Bratislava Slovenské národné múzeum - Historické múzeum
ISBN:9788080603052 (brož. : č. 2/2012)
9788080603304 (brož. : č. 3/2013)
9788080603519 (brož. : č. 4/2014)
9788080603823 (brož. : č. 5/2015)
9788080604233 (brož. : č. 6/2017)
9788080604561 (brož. : č. 7/2018)
9788080604837 (brož. : č. 8/2020)
9788080605100 (brož. : č. 9/2021)
9788080605308 (brož. : č. 10/2022)
9788080605742 (brož. : č. 11/2023)
9788080605964 (brož. : č. 12/2025)
ISSN:1339-1208
Subjects:

MARC

LEADER 00000cas a2200000 a 4500
001 vtls010274420
005 20260311132538.0
008 110428c20119999xo ar 0 b0slo
015 |a SNBB2016-(č. 2/2012, č. 3/2013, č. 4/2014)  |a SNBB2020-(č. 7/2018)  |a SNBB2021-(č. 8/2020)  |a SNBB2023-(č. 9/2021, č. 10/2022)  |a SNBB2024-(č. 11/2023)  |a SNBB2025-(č. 5/2015, č. 6/2017)  |a SNBB2026-(č. 12/2025) 
020 |a 9788080603052 (brož. : č. 2/2012) 
020 |a 9788080603304 (brož. : č. 3/2013) 
020 |a 9788080603519 (brož. : č. 4/2014) 
020 |a 9788080603823 (brož. : č. 5/2015) 
020 |a 9788080604233 (brož. : č. 6/2017) 
020 |a 9788080604561 (brož. : č. 7/2018) 
020 |a 9788080604837 (brož. : č. 8/2020) 
020 |a 9788080605100 (brož. : č. 9/2021) 
020 |a 9788080605308 (brož. : č. 10/2022) 
020 |a 9788080605742 (brož. : č. 11/2023) 
020 |a 9788080605964 (brož. : č. 12/2025) 
022 |a 1339-1208 
040 |a SNMK  |b slo  |c SNMK  |d SVKBB  |d SNK  |e AACR2 
041 0 |a slo  |a eng  |a cze  |a hun 
044 |a xo  |c SK 
072 7 |a 73  |x Sochárstvo, keramika, porcelán, umelecké spracovanie kovov  |2 konspekt 
072 7 |a 671  |x Predmety z drahých kovov  |2 konspekt 
080 |a 737  |2 2011 
080 |a 671.41  |2 2011 
080 |a (058)  |2 2011 
210 0 |a Denarius  |b (Bratisl.) 
222 0 |a Denarius  |b (Bratislava) 
245 0 0 |a Denarius  |b numizmatický časopis 
260 |a Bratislava  |b Július Gál  |c 2011- 
260 3 |3 2012-  |a Bratislava  |b Slovenské národné múzeum - Historické múzeum 
300 |a zv.  |b ilustr.  |c 21-24 cm 
310 |a 1x ročne 
362 0 |a Č. 1 (2011)- 
500 |a Zostavovatelia a redakčná úprava: 2012, Marek Budaj, Ján Hunka ; 2013, Ján Hunka ; 2014-2023, Marek Budaj ; 2025, Marek Budaj, Boris Stoklas 
500 |a Od č. 5/2015 výška formátu 24 cm 
504 |a Bibliogr. odkazy ; pozn. 
546 |a Čiast. text angl., čes., maď. 
650 0 7 |a numizmatika  |2 SNKPH  |9 2900 
650 0 7 |a mince  |2 SNKPH  |9 2305 
650 0 7 |a Numismatics  |2 SNKPHeng  |9 268734 
650 0 7 |a Coins  |2 SNKPHeng  |9 268735 
655 7 |a ročenky  |2 SNKPH  |9 57146 
655 7 |a Yearbooks  |2 SNKPHeng  |9 120938 
700 1 |a Budaj, Marek,  |d 1975-  |4 com  |9 154237 
700 1 |a Hunka, Ján,  |d 1958-2021  |4 com  |9 211368 
700 1 |a Gál, Július  |4 com  |9 268736 
700 |a Stoklas, Boris  |4 com  |9 567564 
852 |a Štátna vedecká knižnica v Banskej Bystrici 
916 |a 2012-2014, 2018, 2020 
919 |a 978-80-8060-305-2 
919 |a 978-80-8060-330-4 
919 |a 978-80-8060-351-9 
919 |a 978-80-8060-456-1 
919 |a 978-80-8060-483-7 
919 |a 978-80-8060-510-0 
919 |a 978-80-8060-530-8 
919 |a 978-80-8060-574-2 
919 |a 978-80-8060-382-3 
919 |a 978-80-8060-423-3 
919 |a 978-80-8060-596-4 
999 |c 5565  |d 7495 
952 |a SNK  |b SNK  |y PREZ  |7 0  |p 17A1520824  |o snkČSC 3609/9/2021  |i snk2023/11223  |8 0  |0 0  |1 0  |4 0  |d 2023-07-21  |l 0  |r 2026-02-21 19:47:34  |w 2026-02-21 
952 |a SNK  |b SNK  |y PREZ  |7 0  |p 17A1520825  |o snkČSC 3609/10/2022  |i snk2023/11224  |8 0  |0 0  |1 0  |4 0  |d 2023-07-21  |l 0  |r 2026-02-21 19:47:34  |w 2026-02-21 
952 |a SNK  |b SNK  |y PREZ  |7 0  |p 17A1553661  |o snkČSC 3609/11/2023  |i snk2024/17153  |8 0  |0 0  |1 0  |4 0  |d 2024-11-12  |l 0  |r 2026-02-21 19:52:50  |w 2026-02-21 
952 |a SNK  |b SNK  |y PREZ  |7 0  |p 17A1553662  |o snkČSC 3609/11/2023 D1  |i snk2024/17154  |8 0  |0 0  |1 0  |4 0  |d 2024-11-12  |l 0  |r 2026-02-21 19:52:50  |w 2026-02-21 
952 |a SNK  |b SNK  |y PREZ  |7 0  |p 17A1461386  |o snkČSC 3609/8/2020  |i snk2021/18417  |8 0  |f 1  |0 0  |1 0  |4 0  |d 2021-11-16  |l 0  |r 2026-02-21 19:58:49  |w 2026-02-21 
952 |a SNK  |b SNK  |y PREZ  |7 0  |p 17A1556099  |o snkČSC 3609/5/2015  |i snk2025/8671  |8 1  |0 0  |1 0  |4 0  |d 2025-05-29  |l 0  |r 2026-02-21 21:21:38  |w 2026-02-21 
952 |a SNK  |b SNK  |y NEVYP  |7 1  |p 17A1556100  |o snkČSC 3609/5/2015 D1  |i snk2025/8672  |8 1  |0 0  |1 0  |4 0  |d 2025-05-29  |l 0  |r 2026-02-21 21:21:38  |w 2026-02-21 
952 |a SNK  |b SNK  |y PREZ  |7 0  |p 17A1556101  |o snkČSC 3609/6/2017  |i snk2025/8673  |8 1  |0 0  |1 0  |4 0  |d 2025-05-29  |l 0  |r 2026-02-21 21:21:38  |w 2026-02-21 
952 |a SNK  |b SNK  |y PREZ  |7 0  |p 17A1556102  |o snkČSC 3609/6/2017 D1  |i snk2025/8674  |8 1  |0 0  |1 0  |4 0  |d 2025-05-29  |l 0  |r 2026-02-21 21:21:38  |w 2026-02-21 
952 |a SNK  |b SNK  |y PREZ  |7 0  |p 17A1387786  |o snkČSC 3609/7/2018  |i snk2020/9523  |8 0  |f 1  |0 0  |1 0  |4 0  |d 2020-06-04  |l 0  |r 2026-02-21 22:01:19  |w 2026-02-21 
952 |a SNK  |b SNK  |y PREZ  |7 0  |p 17A1387787  |o snkČSC 3609/7/2018 D1  |i snk2020/9525  |8 0  |0 0  |1 0  |4 0  |d 2020-06-04  |l 0  |r 2026-02-21 22:01:19  |w 2026-02-21 
952 |a SNK  |b SNK  |y PREZ  |7 0  |p 17A1098725  |o snkČSC 3609/2/2012  |i snk2016/8373  |8 0  |f 1  |0 0  |1 0  |4 0  |d 2016-03-30  |l 0  |r 2026-02-21 22:09:04  |w 2026-02-21 
952 |a SNK  |b SNK  |y PREZ  |7 0  |p 17A1098726  |o snkČSC 3609/2/2012 D1  |i snk2016/8374  |8 0  |0 0  |1 0  |4 0  |d 2016-03-30  |l 0  |r 2026-02-21 22:09:04  |w 2026-02-21 
952 |a SNK  |b SNK  |y PREZ  |7 0  |p 17A1098727  |o snkČSC 3609/3/2013  |i snk2016/8376  |8 0  |f 1  |0 0  |1 0  |4 0  |d 2016-03-30  |l 0  |r 2026-02-21 22:09:04  |w 2026-02-21 
952 |a SNK  |b SNK  |y PREZ  |7 0  |p 17A1098728  |o snkČSC 3609/3/2013 D1  |i snk2016/8382  |8 0  |0 0  |1 0  |4 0  |d 2016-03-30  |l 0  |r 2026-02-21 22:09:04  |w 2026-02-21 
952 |a SNK  |b SNK  |y PREZ  |7 0  |p 17A1098729  |o snkČSC 3609/4/2014  |i snk2016/8383  |8 0  |f 1  |0 0  |1 0  |4 0  |d 2016-03-30  |l 0  |r 2026-02-21 22:09:04  |w 2026-02-21 
952 |a SNK  |b SNK  |y PREZ  |7 0  |p 17A1098730  |o snkČSC 3609/4/2014 D1  |i snk2016/8384  |8 0  |0 0  |1 0  |4 0  |d 2016-03-30  |l 0  |r 2026-02-21 22:09:04  |w 2026-02-21 
952 |t 1  |a SNK  |b SNK  |c SNK_KF  |y PREZ  |7 8  |p 17A1556604  |o snkČSC 3609/12/2025  |i snk2026/3462  |8 0  |0 0  |1 0  |2 udc  |4 0  |d 2026-03-11  |l 0  |r 2026-03-11 13:14:55  |w 2026-03-11 
952 |t 2  |a SNK  |b SNK  |y PREZ  |7 0  |p 17A1556605  |o snkČSC 3609/12/2025 D1  |i snk2026/3463  |8 0  |0 0  |1 0  |2 udc  |4 0  |d 2026-03-11  |l 0  |r 2026-03-11 13:16:52  |w 2026-03-11